Материалы по организации санаторно-курортного лечения больных и раненых воинов. Вып. 3: [Крымская санаторно-курортная организация Земского и Городского союзов, желательная ее конструкция и дальнейшее усовершенствование (Запись № 7398800)

Подробности
000 -МАРКЕР
контрольное поле 02679nam2a22003131 4500
001 - ИДЕНТИФИКАТОР ЗАПИСИ
контрольное поле v19\rc\2021309
005 - ИДЕНТИФИКАТОР ВЕРСИИ
контрольное поле 20251118181432.7
035 ## - ДРУГИЕ СИСТЕМНЫЕ НОМЕРА
Идентификатор записи (NLR Aleph) 005101623
100 ## - ДАННЫЕ ОБЩЕЙ ОБРАБОТКИ
Данные общей обработки 20080925d1916 u y0rusy50 ca
101 0# - ЯЗЫК РЕСУРСА
Язык текста, звукозаписи и т.д. русский
102 ## - СТРАНА ПУБЛИКАЦИИ ИЛИ ПРОИЗВОДСТВА
Страна публикации Российская Федерация
105 ## - ПОЛЕ КОДИРОВАННЫХ ДАННЫХ: ТЕКСТОВЫЕ МАТЕРИАЛЫ, МОНОГРАФИЧЕСКИЕ
Кодированные данные о монографическом текстовом документе y z |||||
200 1# - ЗАГЛАВИЕ И СВЕДЕНИЯ ОБ ОТВЕТСТВЕННОСТИ
Основное заглавие [Крымская санаторно-курортная организация Земского и Городского союзов, желательная ее конструкция и дальнейшее усовершенствование
Первые сведения об ответственности [Соч.] А.Н. Меркулова
210 ## - ПУБЛИКАЦИЯ, РАСПРОСТРАНЕНИЕ И ДР.
Дата издания, распространения и т.д. 1916
215 ## - ФИЗИЧЕСКАЯ ХАРАКТЕРИСТИКА
Специфическое обозначение материала и объем 73 с.
423 #0 - ИЗДАЕТСЯ В ОДНОЙ ОБЛОЖКЕ ВМЕСТЕ С ...
Встроенное поле 1010#$arus
-- 2001#$aИз деятельности Ялтинского уездного комитета Всероссийского земского союза
Заглавие Из деятельности Ялтинского уездного комитета Всероссийского земского союза
423 #0 - ИЗДАЕТСЯ В ОДНОЙ ОБЛОЖКЕ ВМЕСТЕ С ...
Встроенное поле 1010#$arus
-- 2001#$aОтчет по обследованию кумысолечебных заведений Городского и Земского союзов в 1916 г.$f[Соч.] А.Н. Рубеля]
-- 700#1$aРубель$bА.Н.
Заглавие Отчет по обследованию кумысолечебных заведений Городского и Земского союзов в 1916 г.
Автор Рубель, А.Н.
461 #0 - УРОВЕНЬ НАБОРА
Встроенное поле 001v19\rc\2021306
-- 2001#$aМатериалы по организации санаторно-курортного лечения больных и раненых воинов$eВып. 1-$fОбъед. санатор.-курорт. комис. при Гл. ком. зем. и гор. союза$vВып. 3
Системный номер (АБИС) связанной записи 7398773
Автор Всероссийский земский союз. Главный ком.
Место публикации Москва
Дата публикации [1916]-[1917]
Первые сведения об ответственности Объед. санатор.-курорт. комис. при Гл. ком. зем. и гор. союза
Сведения, относящиеся к заглавию Вып. 1-
Заглавие Материалы по организации санаторно-курортного лечения больных и раненых воинов
Номер тома Вып. 3
540 1# - ДОПОЛНИТЕЛЬНОЕ ЗАГЛАВИЕ, ПРИМЕНЯЕМОЕ КАТАЛОГИЗАТОРОМ
Заглавие Крымская санаторно-курортная организация Земского и Городского союзов, желательная ее конструкция и дальнейшее усовершенствование
700 #1 - ИМЯ ЛИЦА - ПЕРВИЧНАЯ ОТВЕТСТВЕННОСТЬ
Начальный элемент ввода Меркулов
Часть имени, кроме начального элемента ввода А.Н.
Даты 1869-1923
Расширение инициалов личного имени Александр Николаевич
801 #0 - ИСТОЧНИК ЗАПИСИ
Страна Российская Федерация
Организация NLR
Правила каталогизации psbo
801 #0 - ИСТОЧНИК ЗАПИСИ
Страна Российская Федерация
Организация RuMoRGB
Источник данных psbo
801 #1 - ИСТОЧНИК ЗАПИСИ
Страна Российская Федерация
Организация ProSoft-M
Источник данных rusmarc
852 ## - МЕСТОНАХОЖДЕНИЕ И ШИФР ХРАНЕНИЯ
Идентификатор организации NLR
Шифр хранения (Call Number) 37.77.2.24
899 ## - ДАННЫЕ О МЕСТОНАХОЖДЕНИИ (устаревшее)
Местонахождение RuMoRGB
Шифр хранения V 156/154
899 ## - ДАННЫЕ О МЕСТОНАХОЖДЕНИИ (устаревшее)
Местонахождение RuMoRGB
Шифр хранения V 257/21
942 ## - ДОПОЛНИТЕЛЬНЫЕ ЭЛЕМЕНТЫ ЗАПИСИ (АБИС)
Тип экземпляра АБИС Книга
980 ## - КОЛЛЕКЦИЯ
Название коллекции Национальная библиография
Экземпляры
Тип экземпляра Дата поступления Библиотека постоянного хранения Библиотека текущего хранения Место хранения Шифр хранения Штрих-код Статус экземпляра
Книга 26.10.2013 РНБ (Садовая) РНБ (Садовая) Русский книжный фонд -Главное здание, Ленинский читальный зал 37.77.2.24 5101623-10